[Event "Novi Sad Serbia op-B"]
[Site "Novi Sad"]
[Date "2022.07.02"]
[Round "5"]
[White "Pantelic, Sasa"]
[Black "Shoshin, Kirill"]
[Result "0-1"]
[WhiteElo "2144"]
[BlackElo "1938"]
[PlyCount "44"]
[EventDate "2022.06.28"]
[EventType "swiss"]
[EventRounds "9"]
[EventCountry "SRB"]
[SourceTitle "EXT 2023"]
[Source "ChessBase"]
[SourceDate "2022.10.05"]
[SourceVersion "1"]
[SourceVersionDate "2022.10.05"]
[SourceQuality "1"]

1. d4 Nf6 2. Nf3 d5 3. Bf4 c5 4. c3 Nc6 5. e3 Qb6 6. Qb3 c4 7. Qc2 Bf5 8. Qc1 Nh5 9. Be5 f6 10. Bg3 e5 11. dxe5 Nxg3 12. hxg3 fxe5 13. Nh4 Ne7 14. Nxf5 Nxf5 15. g4 Nh6 16. Be2 Bc5 17. 0-0 0-0 18. Na3 Rxf2 19. Rxf2 Bxe3 20. Qf1 Rf8 21. Bf3 Nxg4 22. Nxc4 Bxf2+ 0-1

[Event "SRB-ch sf"]
[Site "Paracin"]
[Date "2022.03.18"]
[Round "3"]
[White "Zivkovic, Nemanja"]
[Black "Pantelic, Sasa"]
[Result "1-0"]
[WhiteElo "2411"]
[BlackElo "2158"]
[PlyCount "130"]
[EventDate "2022.03.17"]
[EventType "swiss"]
[EventRounds "9"]
[EventCountry "SRB"]
[SourceTitle "CBM 207 Extra"]
[Source "ChessBase"]
[SourceDate "2022.05.31"]
[SourceVersion "1"]
[SourceVersionDate "2022.05.31"]
[SourceQuality "1"]

1. e4 g6 2. d4 Bg7 3. Nf3 d6 4. Nc3 Nf6 5. h3 0-0 6. Be3 c6 7. a4 Qc7 8. Be2 e5 9. dxe5 dxe5 10. Nd2 Rd8 11. Qb1 Nbd7 12. a5 Nf8 13. 0-0 Ne6 14. Re1 Nd4 15. Bd1 Be6 16. Na4 Bf8 17. c3 Nb5 18. b4 Be7 19. Be2 Ne8 20. Qc2 Ng7 21. Nc5 Nd6 22. Nxe6 Nxe6 23. Nf3 f6 24. Qb3 Qc8 25. Nxe5 fxe5 26. Bg4 Kf7 27. f4 h5 28. Be2 exf4 29. Bxf4 Kg7 30. Be5+ Kh7 31. Rf1 Rf8 32. Rad1 Rxf1+ 33. Bxf1 Nf7 34. Bh2 Nh6 35. Bc4 Ng7 36. Be5 Qe8 37. Bd4 Rd8 38. Bxa7 Bd6 39. Bb6 Rd7 40. Qc2 Qe5 41. Bd4 Qh2+ 42. Kf2 Rd8 43. Rg1 Qf4+ 44. Ke2 Re8 45. Kd1 Ne6 46. Bf2 Ng5 47. Rf1 Be5 48. Qd3 Bg7 49. Be3 Qe5 50. Bf4 Qe7 51. Kc2 Rd8 52. Qe3 Qxe4+ 53. Qxe4 Nxe4 54. Re1 Nf6 55. Re7 Nf5 56. Rxb7 Nd6 57. Bxd6 Rxd6 58. a6 Rd8 59. Rc7 Ne4 60. Rxc6 Rd2+ 61. Kb3 Rd7 62. Be6 Re7 63. Bc8 Nxc3 64. Rxc3 Bd4 65. Rf3 Ba7 1-0

[Event "SRB-ch sf"]
[Site "Paracin"]
[Date "2022.03.17"]
[Round "1"]
[White "Ratkovic, Milovan"]
[Black "Pantelic, Sasa"]
[Result "1-0"]
[WhiteElo "2445"]
[BlackElo "2158"]
[PlyCount "139"]
[EventDate "2022.03.17"]
[EventType "swiss"]
[EventRounds "9"]
[EventCountry "SRB"]
[SourceTitle "CBM 207 Extra"]
[Source "ChessBase"]
[SourceDate "2022.05.31"]
[SourceVersion "1"]
[SourceVersionDate "2022.05.31"]
[SourceQuality "1"]

1. d4 g6 2. e4 Bg7 3. Nc3 d6 4. Be3 Nf6 5. h3 0-0 6. g4 e5 7. Nge2 d5 8. dxe5 Nxe4 9. Qxd5 Nxc3 10. Nxc3 Qe8 11. f4 Bd7 12. Bg2 Bc6 13. Qd2 g5 14. 0-0-0 gxf4 15. Bxf4 Bxg2 16. Qxg2 Nc6 17. Nd5 Qe6 18. Kb1 Nxe5 19. Rhe1 Rad8 20. g5 Kh8 21. a3 c6 22. Nf6 Rxd1+ 23. Rxd1 Bxf6 24. gxf6 Qxf6 25. Rf1 Qe6 26. Qf2 Ng6 27. Bh6 Re8 28. h4 f6 29. Qxa7 Qh3 30. Rg1 Qxh4 31. Bd2 Re7 32. Bc3 Kg7 33. a4 Rd7 34. a5 Rf7 35. Qb6 Qc4 36. Qe3 Qh4 37. Qf3 Qc4 38. Qh3 Qc5 39. Rh1 Kg8 40. Rf1 Qe7 41. Re1 Qd7 42. Qh6 Qd6 43. b3 Qf8 44. Qh3 Kg7 45. Rh1 Qg8 46. Kb2 Kh8 47. Qe6 Kg7 48. a6 bxa6 49. Qxc6 Qd8 50. Qxa6 Qd5 51. Rf1 Ne5 52. Rg1+ Ng6 53. b4 Qf5 54. Qc6 Qf4 55. Rd1 Ne5 56. Qg2+ Ng6 57. b5 Qc4 58. Qd5 Qxd5 59. Rxd5 Nf4 60. Rg5+ Kf8 61. Rf5 Ne6 62. Rxf6 Rxf6 63. Bxf6 Ke8 64. c4 Kd7 65. Kc3 h5 66. Kb4 Nf4 67. Ka5 Ne6 68. Kb6 Kc8 69. Kc6 Nd8+ 70. Bxd8 1-0

[Event "Vojvodina op 11th"]
[Site "Novi Sad"]
[Date "2021.07.28"]
[Round "5"]
[White "Shoshin, Kirill"]
[Black "Pantelic, Sasa"]
[Result "1-0"]
[WhiteElo "2001"]
[BlackElo "2197"]
[PlyCount "57"]
[EventDate "2021.07.25"]
[EventType "swiss"]
[EventRounds "9"]
[EventCountry "SRB"]
[SourceTitle "CBM 203 Extra"]
[Source "ChessBase"]
[SourceDate "2021.09.30"]
[SourceVersion "1"]
[SourceVersionDate "2021.09.30"]
[SourceQuality "1"]

1. d4 g6 2. c4 Bg7 3. Nc3 Nf6 4. e4 d6 5. Be2 0-0 6. Bg5 c5 7. d5 Qa5 8. Qd2 a6 9. a4 b5 10. cxb5 axb5 11. Bxb5 Ba6 12. Bxa6 Nxa6 13. Nf3 c4 14. 0-0 Nc5 15. Nd4 Qb6 16. a5 Rxa5 17. Rxa5 Qxa5 18. Nc6 Qa6 19. Nxe7+ Kh8 20. f3 Nfd7 21. Nc6 Nb3 22. Qf4 Qb6+ 23. Kh1 Ne5 24. Nxe5 Bxe5 25. Bf6+ Bxf6 26. Qxf6+ Kg8 27. e5 Qd4 28. Qxd6 Re8 29. Ne4 1-0

[Event "SRB-ch sf"]
[Site "Kragujevac"]
[Date "2019.03.10"]
[Round "4"]
[White "Pantelic, Sasa"]
[Black "Zlatanovic, Boroljub"]
[Result "0-1"]
[WhiteElo "2304"]
[BlackElo "2376"]
[PlyCount "148"]
[EventDate "2019.03.08"]
[EventType "swiss"]
[EventRounds "9"]
[EventCountry "SRB"]
[SourceTitle "CBM 189 Extra"]
[Source "ChessBase"]
[SourceDate "2019.06.03"]
[SourceVersion "1"]
[SourceVersionDate "2019.06.03"]
[SourceQuality "1"]

1. d4 g6 2. c4 Bg7 3. Nc3 d6 4. e4 e5 5. Nge2 Nc6 6. Be3 Nh6 7. d5 Ne7 8. f3 f5 9. Qd2 Nf7 10. 0-0-0 Ng8 11. Kb1 Bh6 12. h4 Bxe3 13. Qxe3 Nf6 14. exf5 gxf5 15. Qd2 0-0 16. Ng3 f4 17. Nge4 Bf5 18. Bd3 Bxe4 19. Nxe4 Nh5 20. Rdg1 Kh8 21. g4 fxg3 22. Ng5 Qe7 23. Nxh7 Rg8 24. Ng5 Nh6 25. Qc2 Raf8 26. Bg6 Nf4 27. Be4 g2 28. Rxg2 Nxg2 29. Qxg2 Rf4 30. Qf2 b6 31. Ne6 Rf7 32. Ng5 Rfg7 33. a3 Qf6 34. Qc2 Nf7 35. Ka2 a5 36. Bf5 Nd8 37. Rh2 Nb7 38. Qe4 Rf8 39. Bg4 Nc5 40. Qc2 Qg6 41. Qc1 a4 42. Ne6 Nxe6 43. dxe6 Rf4 44. Qc3 Qf6 45. h5 e4 46. h6 Rg8 47. h7 Rg7 48. Qxf6 Rxf6 49. Re2 Rxg4 50. fxg4 Rxe6 51. b4 Kxh7 52. Kb2 Kg6 53. Kc3 Kg5 54. Kd4 Kf4 55. Rf2+ Kxg4 56. Ke3 Re7 57. Rf8 Kg5 58. Rf1 Kg6 59. Rf4 Kg7 60. Rf1 Re6 61. b5 Re5 62. Rb1 Kf6 63. Rb4 Rh5 64. Kxe4 d5+ 65. Kd4 Ke6 66. cxd5+ Kd6 67. Kc4 Rh4+ 68. Kc3 Rxb4 69. Kxb4 Kxd5 70. Kxa4 Kc5 71. Kb3 Kxb5 72. Kc3 Ka4 73. Kb2 b5 74. Ka2 c5 0-1

[Event "Divcibare Narcis IM"]
[Site "Divcibare"]
[Date "2018.09.24"]
[Round "2"]
[White "Andreev, Eduard"]
[Black "Pantelic, Sasa"]
[Result "1/2-1/2"]
[WhiteElo "2427"]
[BlackElo "2294"]
[PlyCount "152"]
[EventDate "2018.09.23"]
[EventType "tourn"]
[EventRounds "9"]
[EventCountry "SRB"]
[EventCategory "2"]
[SourceTitle "CBM 187 Extra"]
[Source "ChessBase"]
[SourceDate "2018.11.04"]
[SourceVersion "1"]
[SourceVersionDate "2018.11.04"]
[SourceQuality "1"]

1. e4 c5 2. Nf3 d6 3. d4 cxd4 4. Nxd4 Nf6 5. Nc3 g6 6. Be3 Bg7 7. f3 0-0 8. Qd2 Nc6 9. 0-0-0 d5 10. exd5 Nxd5 11. Nxc6 bxc6 12. Bd4 e5 13. Bc5 Be6 14. Ne4 Re8 15. h4 h6 16. g4 Qc7 17. g5 h5 18. Bc4 Red8 19. Qf2 Nf4 20. Bxe6 Nxe6 21. Kb1 Rd5 22. c4 Rxd1+ 23. Rxd1 Rd8 24. Bd6 Qa5 25. c5 Qa4 26. b3 Qb5 27. Qf1 Qa5 28. Qe1 Qxe1 29. Rxe1 Nd4 30. Rf1 Nf5 31. Rh1 Re8 32. Kc1 Ne3 33. Kd2 Nd5 34. Ra1 Kh7 35. a3 f5 36. gxf6 Nxf6 37. Ng5+ Kg8 38. Kd3 Nd5 39. b4 a6 40. Ne4 Kf7 41. Ng5+ Kg8 42. Ne4 Kf7 43. Ng5+ Kg8 44. Re1 Nf4+ 45. Kc4 Ng2 46. Re4 Bf6 47. a4 Nxh4 48. Rxh4 Bxg5 49. Re4 Bf4 50. Bxe5 Bxe5 51. f4 Kf7 52. fxe5 Ke6 53. Re1 Rf8 54. Rg1 Rf4+ 55. Kd3 Rg4 56. Rb1 Kxe5 57. b5 axb5 58. axb5 cxb5 59. Rxb5 Kd5 60. Ke3 h4 61. Kf3 Rg3+ 62. Kf2 g5 63. Ra5 Kc6 64. Ra8 Kxc5 65. Re8 g4 66. Re1 Rf3+ 67. Kg1 Kd4 68. Re8 Rh3 69. Rg8 Rg3+ 70. Kh2 Ke4 71. Rg7 Ke5 72. Rg8 Kf6 73. Rh8 Rh3+ 74. Kg2 Kg7 75. Ra8 Rg3+ 76. Kh2 Rh3+ 1/2-1/2

[Event "Paracin Summer op-A 11th"]
[Site "Paracin"]
[Date "2018.07.12"]
[Round "8"]
[White "Ninov, Dayan"]
[Black "Pantelic, Sasa"]
[Result "1-0"]
[WhiteElo "2229"]
[BlackElo "2316"]
[PlyCount "75"]
[EventDate "2018.07.06"]
[EventType "swiss"]
[EventRounds "9"]
[EventCountry "SRB"]
[SourceTitle "CBM 185 Extra"]
[Source "ChessBase"]
[SourceDate "2018.07.29"]
[SourceVersion "1"]
[SourceVersionDate "2018.07.29"]
[SourceQuality "1"]

1. e4 c5 2. c4 Nc6 3. Ne2 g6 4. d4 cxd4 5. Nxd4 Bg7 6. Be3 Nf6 7. Nc3 0-0 8. Be2 d6 9. 0-0 Bd7 10. Qd2 Rc8 11. f3 a6 12. Rfd1 Re8 13. Rab1 Ne5 14. b3 Qc7 15. Rbc1 Qa5 16. Bf1 Nc6 17. a4 Nxd4 18. Bxd4 Be6 19. Qb2 Nh5 20. Bxg7 Nxg7 21. Kh1 Qb4 22. Na2 Qb6 23. Nc3 Nh5 24. Re1 Bxc4 25. Bxc4 Rxc4 26. a5 Qb4 27. Nd5 Rxc1 28. Rxc1 Qxa5 29. Nxe7+ Kf8 30. Nd5 Ng7 31. Nf6 Rd8 32. Nxh7+ Kg8 33. Nf6+ Kf8 34. Nd5 Qb5 35. Qf6 Qe8 36. Qh4 Nh5 37. g4 Rc8 38. Qe7+ 1-0

[Event "Paracin Summer op-A 11th"]
[Site "Paracin"]
[Date "2018.07.11"]
[Round "7"]
[White "Pantelic, Sasa"]
[Black "McPhillips, Joseph"]
[Result "0-1"]
[WhiteElo "2316"]
[BlackElo "2402"]
[PlyCount "86"]
[EventDate "2018.07.06"]
[EventType "swiss"]
[EventRounds "9"]
[EventCountry "SRB"]
[SourceTitle "CBM 185 Extra"]
[Source "ChessBase"]
[SourceDate "2018.07.29"]
[SourceVersion "1"]
[SourceVersionDate "2018.07.29"]
[SourceQuality "1"]

1. d4 b5 2. Nf3 Bb7 3. g3 e6 4. Bg2 c5 5. c3 a5 6. 0-0 a4 7. Re1 Nf6 8. Bg5 cxd4 9. Nxd4 Bxg2 10. Kxg2 b4 11. e4 h6 12. Bxf6 gxf6 13. Qf3 Ra5 14. a3 b3 15. Nd2 Be7 16. Rad1 Qc7 17. Qd3 h5 18. h4 Qb7 19. Kh2 Rc5 20. Nc4 Rg8 21. e5 fxe5 22. Qh7 Rf8 23. Nxe5 Bf6 24. Ng6 Bxd4 25. Rxd4 Rf5 26. Nf4 Qf3 27. Kg1 Kd8 28. Re3 Qc6 29. Nxh5 d5 30. Qh6 Nd7 31. g4 Rg8 32. Kf1 Qa6+ 33. Ke1 Kc7 34. Qh7 Rg6 35. c4 Qb6 36. Rdd3 Rxg4 37. Ng3 Qa5+ 38. Rd2 Rxf2 39. Ree2 Rf3 40. Kd1 Rgxg3 41. Re1 Rf5 42. Qh8 Rg4 43. h5 Rxc4 0-1

[Event "Paracin Summer op-A 11th"]
[Site "Paracin"]
[Date "2018.07.07"]
[Round "2"]
[White "Tan, Justin Hy"]
[Black "Pantelic, Sasa"]
[Result "1-0"]
[WhiteElo "2481"]
[BlackElo "2316"]
[PlyCount "89"]
[EventDate "2018.07.06"]
[EventType "swiss"]
[EventRounds "9"]
[EventCountry "SRB"]
[SourceTitle "CBM 185 Extra"]
[Source "ChessBase"]
[SourceDate "2018.07.29"]
[SourceVersion "1"]
[SourceVersionDate "2018.07.29"]
[SourceQuality "1"]

1. e4 d5 2. exd5 Qxd5 3. Nc3 Qa5 4. d4 c6 5. Bc4 Nf6 6. Nf3 Bg4 7. h3 Bxf3 8. Qxf3 e6 9. 0-0 Nbd7 10. a3 Bd6 11. Re1 0-0 12. Bd2 Qc7 13. Rad1 Rfe8 14. Bg5 Nd5 15. Ne4 Be7 16. Bc1 N7f6 17. Nc5 Rad8 18. Ba2 Bxc5 19. dxc5 e5 20. Bg5 h6 21. Bh4 g5 22. Bg3 Nf4 23. Qe3 Kg7 24. Bc4 Rd4 25. Rxd4 exd4 26. Qd2 Rxe1+ 27. Qxe1 Kf8 28. f3 b6 29. b4 bxc5 30. bxc5 Nd7 31. Qe4 Qe5 32. Qxc6 Nxc5 33. Qxh6+ Ke7 34. Kh2 Qf5 35. Qc6 Nce6 36. Bxe6 Nxe6 37. Bd6+ Kf6 38. Qe4 Qa5 39. h4 gxh4 40. Qxh4+ Kg6 41. Qg4+ Kf6 42. f4 Qd5 43. Qh4+ Kg6 44. Be5 Qe4 45. Qf6+ 1-0

[Event "Veliko Gradiste Silver Lake op"]
[Site "Veliko Gradiste"]
[Date "2018.06.23"]
[Round "8"]
[White "Dahl, Trygve"]
[Black "Pantelic, Sasa"]
[Result "0-1"]
[WhiteElo "2206"]
[BlackElo "2338"]
[PlyCount "66"]
[EventDate "2018.06.17"]
[EventType "swiss"]
[EventRounds "9"]
[EventCountry "SRB"]
[SourceTitle "CBM 185 Extra"]
[Source "ChessBase"]
[SourceDate "2018.07.29"]
[SourceVersion "1"]
[SourceVersionDate "2018.07.29"]
[SourceQuality "1"]

1. e4 c5 2. Nf3 d6 3. d4 cxd4 4. Nxd4 Nf6 5. Nc3 g6 6. Be3 Bg7 7. f3 0-0 8. Qd2 Nc6 9. g4 Be6 10. Nxe6 fxe6 11. 0-0-0 Ne5 12. Be2 Qc8 13. h4 Nc4 14. Bxc4 Qxc4 15. h5 Nd7 16. hxg6 hxg6 17. Bh6 Bxc3 18. bxc3 Rxf3 19. Bg5 Qxa2 20. Qd4 e5 21. Qb4 Rf2 22. Qb2 Qxb2+ 23. Kxb2 Nf6 24. Bxf6 Rxf6 25. Rh6 Kf7 26. Rh7+ Ke6 27. Rg7 Rh8 28. g5 Rf4 29. Rxg6+ Kf7 30. Rh6 Rxh6 31. gxh6 Rh4 32. Rf1+ Ke8 33. Rg1 Rxh6 0-1

[Event "Veliko Gradiste Silver Lake op"]
[Site "Veliko Gradiste"]
[Date "2018.06.18"]
[Round "2"]
[White "Pantelic, Sasa"]
[Black "Damljanovic, Branko"]
[Result "1/2-1/2"]
[WhiteElo "2338"]
[BlackElo "2499"]
[PlyCount "64"]
[EventDate "2018.06.17"]
[EventType "swiss"]
[EventRounds "9"]
[EventCountry "SRB"]
[SourceTitle "CBM 185 Extra"]
[Source "ChessBase"]
[SourceDate "2018.07.29"]
[SourceVersion "1"]
[SourceVersionDate "2018.07.29"]
[SourceQuality "1"]

1. d4 Nf6 2. c4 g6 3. Nc3 Bg7 4. e4 d6 5. f3 0-0 6. Be3 c5 7. Nge2 Nc6 8. Qd2 b6 9. Rc1 Ba6 10. b3 e5 11. dxe5 dxe5 12. Qxd8 Raxd8 13. Nd5 Ne8 14. Nec3 f5 15. Bd3 Nd6 16. 0-0 Nd4 17. Bg5 Rd7 18. Rfe1 Rff7 19. f4 Nxe4 20. Bxe4 h6 21. fxe5 hxg5 22. e6 Nxe6 23. Bxf5 gxf5 24. Rxe6 Bb7 25. Ree1 Kh7 26. h3 Bd4+ 27. Kh2 Kg7 28. Re2 f4 29. Ree1 f3 30. gxf3 Bxc3 31. Nxc3 Bxf3 32. Ne4 Rd3 1/2-1/2

[Event "SRB-chT 1st League"]
[Site "Banja Vrujci"]
[Date "2017.09.23"]
[Round "10.5"]
[White "Pantelic, Sasa"]
[Black "Radovanovic, Mihajlo"]
[Result "1-0"]
[WhiteElo "2300"]
[BlackElo "2369"]
[PlyCount "120"]
[EventDate "2017.09.16"]
[EventType "team"]
[EventRounds "11"]
[EventCountry "SRB"]
[SourceTitle "EXT 2018"]
[Source "ChessBase"]
[SourceDate "2017.10.13"]
[SourceVersion "1"]
[SourceVersionDate "2017.10.13"]
[SourceQuality "1"]
[WhiteTeam "Sabac"]
[BlackTeam "Despotovac Sloga"]
[WhiteTeamCountry "SRB"]
[BlackTeamCountry "SRB"]

1. Nf3 g6 2. c4 Bg7 3. Nc3 d6 4. g3 c5 5. Bg2 Nc6 6. 0-0 Bd7 7. d3 Qc8 8. h4 Bh3 9. Nd5 Bg4 10. Rb1 Nf6 11. Bg5 Nxd5 12. cxd5 Nd4 13. Nxd4 Bxd4 14. Bh6 a5 15. Qd2 b5 16. e3 Bf6 17. e4 Bh3 18. f3 Bd4+ 19. Kh2 Bd7 20. f4 Bg4 21. Rfe1 Kd8 22. f5 gxf5 23. exf5 Rg8 24. f6 exf6 25. Re4 Rg6 26. Rxd4 cxd4 27. Qf4 Qd7 28. Bf8 Rc8 29. Re1 Rc2 30. Re7 Qxe7 31. Bxe7+ Kxe7 32. Qxd4 Kf8 33. Qf4 Kg7 34. Kg1 Rxb2 35. Be4 f5 36. Bxf5 Rb1+ 37. Kh2 Bxf5 38. Qxf5 h6 39. Qf2 Rf6 40. Qd4 Rbf1 41. Qg4+ Kh8 42. Kh3 R1f3 43. Qd4 h5 44. a3 Kg8 45. Qe4 Kg7 46. Kg2 Rf2+ 47. Kh3 Rf1 48. Qd4 Kg8 49. Qb6 R6f2 50. g4 Rf3+ 51. Kg2 R1f2+ 52. Kg1 hxg4 53. Qxd6 g3 54. Qd8+ Kh7 55. Qg5 f6 56. Qh5+ Kg7 57. d6 Rxd3 58. Qg4+ Kh6 59. h5 Kh7 60. Qg6+ Kh8 1-0

[Event "SRB-chT 1st League"]
[Site "Banja Vrujci"]
[Date "2017.09.22"]
[Round "9.3"]
[White "Vratonjic, Slobodan"]
[Black "Pantelic, Sasa"]
[Result "1-0"]
[WhiteElo "2411"]
[BlackElo "2300"]
[PlyCount "107"]
[EventDate "2017.09.16"]
[EventType "team"]
[EventRounds "11"]
[EventCountry "SRB"]
[SourceTitle "CBM 180 Extra"]
[Source "ChessBase"]
[SourceDate "2017.10.06"]
[SourceVersion "1"]
[SourceVersionDate "2017.10.06"]
[SourceQuality "1"]
[WhiteTeam "Gornji Milanovac Metalac"]
[BlackTeam "Sabac"]
[WhiteTeamCountry "SRB"]
[BlackTeamCountry "SRB"]

1. e4 c5 2. Nf3 d6 3. c3 Nf6 4. Bd3 g6 5. h3 Bg7 6. 0-0 0-0 7. Bc2 Nc6 8. d4 d5 9. exd5 Qxd5 10. Bb3 Qd6 11. Na3 cxd4 12. Nb5 Qc5 13. Nbxd4 Nxd4 14. Nxd4 e5 15. Nf3 e4 16. Be3 Qh5 17. Nd2 Qh4 18. Qe2 Nh5 19. f3 exf3 20. Nxf3 Qe7 21. Qf2 b6 22. Rae1 Be6 23. Bd4 Rae8 24. Bxe6 fxe6 25. Bxg7 Qxg7 26. Qe3 Ng3 27. Rf2 Nf5 28. Qe4 Qe7 29. Rd2 Qc5+ 30. Kh2 Qc7+ 31. Qe5 Qe7 32. Re4 Rf7 33. Rde2 Nd6 34. Rd4 Nf5 35. Rd3 h6 36. Re4 Kh7 37. a4 Ng7 38. Qd6 Qb7 39. Rc4 Nf5 40. Qe5 Ng7 41. Rcd4 Qe7 42. b4 Rc8 43. a5 Qc7 44. axb6 axb6 45. c4 Qe7 46. Qd6 Qb7 47. Ne5 Re7 48. g4 Rf8 49. Qc6 Qb8 50. Qe4 Rf6 51. Rd8 Qc7 52. Kg2 Qb7 53. Qxb7 Rxb7 54. Nd7 1-0

[Event "SRB-chT 1st League"]
[Site "Banja Vrujci"]
[Date "2017.09.21"]
[Round "8.4"]
[White "Pantelic, Sasa"]
[Black "Radovanovic, Dusan"]
[Result "1-0"]
[WhiteElo "2300"]
[BlackElo "2327"]
[PlyCount "91"]
[EventDate "2017.09.16"]
[EventType "team"]
[EventRounds "11"]
[EventCountry "SRB"]
[SourceTitle "CBM 180 Extra"]
[Source "ChessBase"]
[SourceDate "2017.10.06"]
[SourceVersion "1"]
[SourceVersionDate "2017.10.06"]
[SourceQuality "1"]
[WhiteTeam "Sabac"]
[BlackTeam "Pozega"]
[WhiteTeamCountry "SRB"]
[BlackTeamCountry "SRB"]

1. Nf3 Nf6 2. c4 g6 3. Nc3 Bg7 4. g3 0-0 5. Bg2 d6 6. 0-0 e5 7. d3 Nc6 8. Rb1 a5 9. a3 Bg4 10. h3 Bd7 11. b4 axb4 12. axb4 Re8 13. Bg5 h6 14. Bxf6 Qxf6 15. b5 Ne7 16. Nd2 c6 17. Na4 Nc8 18. bxc6 Bxc6 19. Nb6 Ra7 20. Ne4 Qe7 21. Nc3 h5 22. Ncd5 Qd8 23. e3 Nxb6 24. Nxb6 Ra3 25. Bd5 Rf8 26. Rb3 Ra6 27. Qb1 Kh7 28. h4 f5 29. e4 f4 30. Kg2 f3+ 31. Kh2 g5 32. hxg5 Qxg5 33. Rh1 Rf6 34. Kg1 Rh6 35. Rh4 Qd2 36. Rb2 Qc3 37. Bf7 Bf6 38. Rxh5 Bd8 39. Nd5 Bxd5 40. exd5 Kg7 41. Rxh6 Kxh6 42. d4 e4 43. Qxe4 Qc1+ 44. Kh2 Qg5 45. Qxf3 Bf6 46. Rxb7 1-0

[Event "SRB-chT 1st League"]
[Site "Banja Vrujci"]
[Date "2017.09.20"]
[Round "7.4"]
[White "Szuhanek, Ranko"]
[Black "Pantelic, Sasa"]
[Result "1/2-1/2"]
[WhiteElo "2476"]
[BlackElo "2300"]
[PlyCount "123"]
[EventDate "2017.09.16"]
[EventType "team"]
[EventRounds "11"]
[EventCountry "SRB"]
[SourceTitle "CBM 180 Extra"]
[Source "ChessBase"]
[SourceDate "2017.10.06"]
[SourceVersion "1"]
[SourceVersionDate "2017.10.06"]
[SourceQuality "1"]
[WhiteTeam "Valjevo 2005"]
[BlackTeam "Sabac"]
[WhiteTeamCountry "SRB"]
[BlackTeamCountry "SRB"]

1. Nf3 Nf6 2. c4 g6 3. Nc3 Bg7 4. g3 0-0 5. Bg2 c5 6. d4 cxd4 7. Nxd4 Nc6 8. 0-0 Nxd4 9. Qxd4 d6 10. Qd3 a6 11. Rd1 Qc7 12. Bd2 Be6 13. b3 Ng4 14. Rac1 Qb6 15. Qf3 Rab8 16. h3 Ne5 17. Qe3 Qxe3 18. Bxe3 b6 19. Nd5 Bxd5 20. cxd5 Rb7 21. Rc2 h5 22. Rdc1 a5 23. a3 Nd7 24. b4 a4 25. f4 b5 26. Be4 Nf6 27. Bf3 Rfb8 28. Kf1 Nd7 29. Ke1 Nb6 30. Bxb6 Rxb6 31. e3 Bf6 32. h4 Kg7 33. Kd2 R8b7 34. Be4 Rb8 35. Bd3 R6b7 36. Rg1 Ra7 37. Be4 Rab7 38. Kd3 Rd8 39. Bg2 Rdb8 40. Re1 Ra7 41. Bh3 Re8 42. Rc6 Rb7 43. e4 Rd8 44. Re2 Kf8 45. Rec2 Rdb8 46. Bc8 Ra7 47. Re2 Raa8 48. Ba6 Ba1 49. e5 dxe5 50. fxe5 f6 51. e6 Ra7 52. d6 exd6 53. Rxd6 Ke7 54. Rc6 Be5 55. Bc8 Rc7 56. Rxc7+ Bxc7 57. Bd7 Be5 58. Ke4 Bxg3 59. Rg2 f5+ 60. Kf3 f4 61. Rg1 Rb7 62. Rc1 1/2-1/2

[Event "SRB-chT 1st League"]
[Site "Banja Vrujci"]
[Date "2017.09.18"]
[Round "4.2"]
[White "Pantelic, Sasa"]
[Black "Nestorovic, Lazar"]
[Result "1/2-1/2"]
[WhiteElo "2300"]
[BlackElo "2402"]
[PlyCount "52"]
[EventDate "2017.09.16"]
[EventType "team"]
[EventRounds "11"]
[EventCountry "SRB"]
[SourceTitle "CBM 180 Extra"]
[Source "ChessBase"]
[SourceDate "2017.10.06"]
[SourceVersion "1"]
[SourceVersionDate "2017.10.06"]
[SourceQuality "1"]
[WhiteTeam "Sabac"]
[BlackTeam "Vladimirci"]
[WhiteTeamCountry "SRB"]
[BlackTeamCountry "SRB"]

1. d4 Nf6 2. c4 e6 3. Nc3 Bb4 4. e3 d5 5. Bd3 0-0 6. Nge2 b6 7. cxd5 exd5 8. 0-0 c5 9. Nf4 cxd4 10. exd4 Bxc3 11. bxc3 Ba6 12. Bxa6 Nxa6 13. a4 Rc8 14. Qb3 Re8 15. a5 bxa5 16. Qb5 Nc7 17. Qxa5 Qd7 18. Nd3 Ne4 19. Be3 Qb5 20. Nc5 Qxa5 21. Rxa5 Nxc3 22. Rxa7 N7b5 23. Rd7 Nxd4 24. Bxd4 Ne2+ 25. Kh1 Nxd4 26. Rxd5 Re2 1/2-1/2